Surat ungu untuk Nuha

Bibliographic Details
Main Author: Noor Suraya
Format: Book
Published: Selangor : Jemari Seni Sdn. Bhd , 2012
Subjects:

MARC

LEADER 00000cam a2200000 7i4500
001 0000035720
005 20130516.0
008 121015
020 |a 9834321734 
090 0 0 |a NOO   |b MAL 
100 0 |a Noor Suraya 
245 1 0 |a Surat ungu untuk Nuha   |c Dyza Ainun 
260 |a Selangor :   |b Jemari Seni Sdn. Bhd ,   |c 2012 
650 0 |a Malay fiction   |x Malay 
999 |a 0001181629   |b Book   |c Adult Collection   |e Cawangan Mersing 
999 |a 0001181641   |b Book   |c Adult Collection   |e Perbadanan Perpustakaan Awam Johor